Epipsychidion /
Guardat en:
| Autor principal: | |
|---|---|
| Altres autors: | |
| Format: | Electrònic eBook |
| Idioma: | espanyol anglès |
| Publicat: |
Madrid :
Visor Libros,
[2008]
|
| Edició: | Edición bilingüe. |
| Col·lecció: | Colección Visor de poesía ;
v. 696. |
| Matèries: | |
| Accés en línia: | Digitalia Hispánica |
| Etiquetes: |
Afegir etiqueta
Sense etiquetes, Sigues el primer a etiquetar aquest registre!
|
MARC
| LEADER | 00000nam a2200000Ii 4500 | ||
|---|---|---|---|
| 001 | DIGVISR0509 | ||
| 003 | NyNyDIG | ||
| 007 | cr ||||||||||| | ||
| 008 | 210709s2008 sp o 000 p spa d | ||
| 006 | m o d | ||
| 035 | |a (OCoLC)1282641450 | ||
| 040 | |a DGITA |b eng |e rda |e pn |c DGITA | ||
| 020 | |z 9788475226736 | ||
| 041 | 1 | |a spa |a eng |h eng | |
| 050 | 1 | 4 | |a PR5409 ebook |
| 082 | 1 | 4 | |a 821.7 |
| 100 | 1 | |a Shelley, Percy Bysshe, |d 1792-1822, |e author. | |
| 245 | 1 | 0 | |a Epipsychidion / |c Percy Bysshe Shelley ; edición de Rafael Lobarte Fontecha. |
| 250 | |a Edición bilingüe. | ||
| 264 | 1 | |a Madrid : |b Visor Libros, |c [2008] | |
| 300 | |a 1 online resource. | ||
| 336 | |a text |b txt |2 rdacontent | ||
| 337 | |a computer |b c |2 rdamedia | ||
| 338 | |a online resource |b cr |2 rdacarrier | ||
| 347 | |a text file |2 rdaft | ||
| 347 | |b PDF | ||
| 490 | 1 | |a Volumen DCXCVI de la Colección Visor de poesía | |
| 546 | |a Text in Spanish and English. | ||
| 588 | 0 | |a Online resource; title from PDF title page (Digitalia, viewed July 9, 2021) | |
| 655 | 7 | |a Poetry. |2 lcgft | |
| 655 | 0 | |a Electronic books. | |
| 700 | 1 | |a Lobarte Fontecha, Rafael, |e editor. | |
| 700 | 1 | 2 | |i Container of (work): |a Shelley, Percy Bysshe, |d 1792-1822. |t Epipsychidion. |
| 700 | 1 | 2 | |i Container of (expression): |a Shelley, Percy Bysshe, |d 1792-1822. |t Epipsychidion. |l Spanish |s (Lobarte Fontecha) |
| 791 | 2 | |a Digitalia (Firm), |e distributor. | |
| 793 | 0 | |g Digitalia eBook Collection: |a Visor Libros | |
| 776 | 0 | 8 | |i Print version: |a Shelley, Percy Bysshe, 1792-1822. |t Epipsychidion. |b Edición bilingüe. |d Madrid : Visor Libros, [2008] |z 9788475226736 |
| 830 | 0 | |a Colección Visor de poesía ; |v v. 696. | |
| 856 | 4 | 0 | |3 Digitalia Hispánica |u https://digitalia.unach.elogim.com/a/48451/ |
| 910 | |a Premium collection: 2021 | ||